Australia Baby Girl Names By Year Quiz - Statistics

General Stats
  • This quiz has been taken 584 times
  • The average score is 106 of 200
Answer Stats
Hint Answer % Correct
1930 | 1940 | 1950 | 1960 Elizabeth
90%
1950 Anne
86%
1930 | 1940 | 1950 Mary
83%
1970 | 1980 | 1990 | +2 others Emma
82%
1990 | 2000 | 2010 | 2016 Olivia
80%
1980 | 1990 | 2000 | +2 others Emily
78%
1970 | 1980 | 1990 | 2000 Sarah
78%
2000 | 2010 | 2016 Isabella
77%
1960 Catherine
75%
1930 | 1940 | 1950 Margaret
75%
1940 | 1950 | 1960 | 1970 Jennifer
74%
2010 | 2016 Charlotte
73%
1980 | 1990 | 2000 | 2010 Jessica
71%
1990 | 2000 | 2010 Hannah
67%
2010 | 2016 Ava
66%
2000 | 2010 | 2016 Grace
66%
1990 Rachel
66%
2000 | 2010 | 2016 Sophie
65%
1990 | 2000 | 2010 | 2016 Chloe
64%
2010 | 2016 Ella
64%
1930 Kathleen
64%
1970 | 1980 | 1990 | 2000 Rebecca
63%
2010 | 2016 Amelia
62%
1940 | 1950 | 1960 Susan
62%
2010 | 2016 Lily
61%
1980 | 1990 | 2000 Laura
60%
2000 Caitlin
59%
1950 | 1960 | 1970 Julie
59%
1960 | 1970 | 1980 Lisa
59%
1940 | 1950 | 1960 Helen
58%
1930 | 1940 Joan
58%
1960 | 1970 Joanne
58%
2016 Evie
56%
2010 | 2016 Mia
56%
1960 | 1970 Maria
55%
1970 | 1980 | 1990 | 2000 Samantha
55%
1940 Carol
54%
1980 | 1990 | 2000 Amy
53%
1980 | 1990 Kate
53%
1980 | 1990 | 2000 Lauren
53%
1960 | 1970 | 1980 Michelle
53%
1970 | 1980 | 1990 Nicole
53%
1950 | 1960 Christine
52%
2016 Evelyn
52%
2000 | 2010 | 2016 Zoe
51%
2010 Lucy
50%
1970 | 1980 | 1990 Natalie
50%
1950 Dianne
49%
1970 | 1980 Amanda
48%
1960 Linda
48%
1970 | 1980 | 1990 Melissa
48%
1930 | 1940 | 1950 Patricia
48%
2016 Isla
47%
1950 | 1960 | 1970 Karen
47%
1930 | 1940 Barbara
46%
1960 Kim
46%
2010 | 2016 Ruby
44%
1980 | 1990 Stephanie
44%
1930 Dorothy
43%
1990 | 2000 Georgia
42%
2000 Maddison
42%
1990 Alexandra
40%
1960 Debra
40%
1980 Danielle
38%
1930 Jean
38%
1960 | 1970 Sharon
38%
1970 | 1980 Kylie
37%
1930 | 1940 | 1950 Judith
36%
1940 | 1950 Pamela
35%
1940 | 1950 | 1960 Sandra
34%
1940 | 1950 Heather
32%
1980 Erin
31%
2016 Ivy
31%
2010 | 2016 Matilda
29%
1950 | 1960 Wendy
29%
1930 Betty
28%
2016 Harper
28%
2000 Jasmine
26%
1970 Fiona
25%
1960 Tracey
24%
1930 Valerie
24%
1930 June
23%
1940 | 1950 Lynette
23%
1930 | 1940 Shirley
22%
1930 Joyce
19%
2010 Sienna
19%
1970 Belinda
18%
1950 Cheryl
18%
1940 Janice
17%
1930 Elaine
15%
1930 | 1940 Lorraine
13%
1930 | 1940 Maureen
13%
1960 Leanne
12%
1950 Robyn
12%
1970 Jodie
11%
1930 | 1940 Beverley
10%
1930 Norma
7%
No matching quizzes found
Score Distribution
Percent of People with Each Score
Percentile by Number Answered
Your Score History
You have not taken this quiz